<?xml version="1.0" encoding="UTF-8"?>
<record
    xmlns:xsi="http://www.w3.org/2001/XMLSchema-instance"
    xsi:schemaLocation="http://www.loc.gov/MARC21/slim http://www.loc.gov/standards/marcxml/schema/MARC21slim.xsd"
    xmlns="http://www.loc.gov/MARC21/slim">

  <leader>01378nam a22002057a 4500</leader>
  <controlfield tag="003">IT-MiCISF</controlfield>
  <controlfield tag="005">20200629130541.0</controlfield>
  <controlfield tag="008">200629b           ||||| |||| 00| 0 eng d</controlfield>
  <datafield tag="040" ind1=" " ind2=" ">
    <subfield code="c">IT-MiCISF</subfield>
  </datafield>
  <datafield tag="041" ind1=" " ind2=" ">
    <subfield code="a">IT</subfield>
  </datafield>
  <datafield tag="100" ind1=" " ind2=" ">
    <subfield code="a">Ippolito Vincenzo</subfield>
    <subfield code="9">58207</subfield>
  </datafield>
  <datafield tag="245" ind1=" " ind2=" ">
    <subfield code="a">Il piccolo alfabeto della fede in famiglia</subfield>
    <subfield code="b">Parole per imparare a crescere insieme</subfield>
  </datafield>
  <datafield tag="260" ind1=" " ind2=" ">
    <subfield code="a">Angri (SA)</subfield>
    <subfield code="b">Punto Famiglia</subfield>
    <subfield code="c">2019</subfield>
  </datafield>
  <datafield tag="300" ind1=" " ind2=" ">
    <subfield code="a">pp. 95</subfield>
  </datafield>
  <datafield tag="500" ind1=" " ind2=" ">
    <subfield code="a">pastorale-familiare, famiglia, fede</subfield>
  </datafield>
  <datafield tag="520" ind1=" " ind2=" ">
    <subfield code="a">Il volume presenta  una raccolta di lettere rivolte a sposi e fidanzati. Un mosaico di volti e di storie per riscoprire, con lo sguardo della fede, il senso e la bellezza dell&#x2019;essere famiglia. Pagine per fermarsi e pensare, per parlare al proprio cuore ed ascoltarlo, entrando nel ritmo della vita, che spesso, presi da tante cose, ci risulta estranea. 
Sono 21 lettere indirizzate ai tanti amici che in questi anni hanno bussato alla porta del convento dell&#x2019;autore, fra Vincenzo. Un &#x201C;tesoro spirituale&#x201D; carico di tenerezza e passione, in cui egli educa il cuore del lettore a percepire la presenza del Signore anche nei gesti comuni e nelle parole pi&#xF9; semplici. Al termine di ogni lettera viene proposta una preghiera per chiedere al Signore i doni per far crescere le nostre famiglie.

</subfield>
  </datafield>
  <datafield tag="650" ind1=" " ind2=" ">
    <subfield code="a">pastorale-famiiare</subfield>
    <subfield code="9">58208</subfield>
  </datafield>
  <datafield tag="654" ind1=" " ind2=" ">
    <subfield code="a">sussidio</subfield>
  </datafield>
  <datafield tag="942" ind1=" " ind2=" ">
    <subfield code="2">ddc</subfield>
    <subfield code="c">BK</subfield>
  </datafield>
  <datafield tag="999" ind1=" " ind2=" ">
    <subfield code="c">358675</subfield>
    <subfield code="d">358675</subfield>
  </datafield>
</record>
